00000000nam##2200000za#4500
0019.527674
003CaOODSP
00520210615083034
007ta
008150406|1996||||xxc|||||     f|0| 0 eng|d
020 |a0-660-60041-2
022 |a0706-148X
040 |aCaOODSP|beng
041 |aeng
041 |afre
043 |an-cn---
0861 |aS52-2/231-1996
1101 |aCanada.|bPublic Works and Government Services Canada. |bTranslation Services.
24510|aTrilingual vocabulary of nuclear waste management / |cby Hélène Jacob. Produced in cooperation with Union Latine.
260 |aOttawa - Ontario : |bPublic Works and Government Services Canada. |c1996.
300 |a1088p. ; |c22 cm.
4901 |aTerminology bulletin|x0706-148X|v231
5203 |aBulletin 231. There is growing public concern nowadays about industrial waste, especially nuclear waste. Since so little is known about the decay of nuclear waste over time, management of the problem requires very advanced technology and expertise. The "Trilingual Vocabulary of Nuclear Waste Management" contains some 1,000 concepts for a total of approximately 3000 terms in English, French and Spanish. The terminology provides an overview of the problems inherent in nuclear waste management and of the techniques used to solve them. Special attention has been given to defining basic physical concepts, waste classifications and disposal methods. Phraseologisms are an additional feature that may interest readers. Knowledge of phraseologisms can be very useful for effective communication. Listed together with the base term, phraseologisms not only provide an overview of expressions in use, they are also a useful cross-reference tool for defined concepts. To facilitate consultation, both a French-English-Spanish glossary and a Spanish-English-French glossary follow the English-French-Spanish vocabulary. A must for translators, specialized writers, and anyone involved with managing nuclear waste!
546 |aText in English, French and Spanish
563 |aSoftcover
590 |a97-13|b1997-03-27
69007|aNuclear energy|2gcpds
69007|aTerminology|2gcpds
7201 |aJacob, Hélène
7760#|tVocabulaire trilingue de la gestion des déchets nucléaires / |w(CaOODSP)9.590568
792 |tVocabulaire trilingue de la gestion des déchets nucléaires / |efre|w(CaOODSP)9.527675
830#0|aTerminology bulletin,|x0706-148X|v231|w(CaOODSP)9.509598